| 000 | 00000nam##2200000za#4500 |
| 001 | 9.668605 |
| 003 | CaOODSP |
| 005 | 20240209132423 |
| 007 | ta |
| 008 | 150407|2007||||xxc||||| f|0| 0 eng|d |
| 020 | |a978-0-662-49994-7 |
| 040 | |aCaOODSP|beng |
| 041 | |aeng |
| 041 | |afre |
| 043 | |an-cn--- |
| 086 | 1 |aIu89-4/26-2007 |
| 110 | 2 |aAtlantic Canada Opportunities Agency. |
| 245 | 10|aBecoming an eco-efficient business |
| 260 | |aMoncton - New Brunswick : |bAtlantic Canada Opportunities Agency |c2007. |
| 300 | |a1 sheet (English text, [1]p.) : |bphotographs ; |c28 cm. |
| 500 | |aAt head of title: Eco-efficiency. |
| 563 | |aPamphlet |
| 590 | |a07-18|b2007-05-04 |
| 690 | 07|aBusinesses|2gcpds |
| 690 | 07|aEnvironmental programs|2gcpds |
| 690 | 07|aManagement|2gcpds |
| 776 | 0#|tDevenir une entreprise écoefficace |w(CaOODSP)9.638184 |
| 776 | 0#|tBecoming an eco-efficient business |w(CaOODSP)9.694001 |
| 792 | |tDevenir une entreprise écoefficace |efre|w(CaOODSP)9.668606 |
| 986 | |aACOA: 2007-03 |